Ends in '-IS' Quiz Stats

Quiz Updated Oct 19, 2015

Also try: Ends in IRE
Challenge
Share
Tweet
Embed
Score 0/22 Timer 06:00
0 Plays Today
Definition -IS Word % Correct
A game in which two or four people on a court use rackets to hit a ball over a net tennis
98.2%
An area of a desert containing water and plantsoasis
94.5%
The colored, opaque contractile diaphragm perforated by the pupil of the eyeiris
88.7%
The process by which green plants turn water and carbon dioxide into food when the plant is exposed to lightphotosynthesis
78.5%
A condition in which a part of the body cannot be moved or feltparalysis
77.9%
One of a pair of curved punctuation marks used around a word, phrase, sentence, number, etc.parenthesis
75.5%
One of the reference lines of a coordinate systemaxis
73.7%
A disease that causes the joints of the body to become swollenarthritis
72.9%
A very large or important citymetropolis
72.1%
A statement that describes the reason for an illness or diseasediagnosis
71.5%
The pieces left after something has been destroyeddebris
69%
Definition -IS Word % Correct
An enemy or opponent that is very difficult to defeatnemesis
67.3%
A difficult or dangerous situation that needs serious attentioncrisis
65.2%
A state that resembles sleep but in which one can hear and respond to questions or suggestionshypnosis
61.6%
A tall bird with long legs and a long, downward-curving billibis
59.1%
A reason, underlying condition, set of ideas, or foundation upon which something is developedbasis
58.8%
The beginning or origin of somethinggenesis
52.3%
A summary or outlinesynopsis
47.9%
A forceful quality in the way something is said or writtenemphasis
47%
A great or foolish amount of confidence or pridehubris
44.4%
A very handsome, young manadonis
43%
Any preparation derived from hemp that is psychoactivecannabis
42.2%

You're not logged in!

Compare scores with friends on all Sporcle quizzes.
Sign Up with Email
OR
Log In

You Might Also Like...

Show Comments

Extras

Top Quizzes Today


Score Distribution

Your Account Isn't Verified!

In order to create a playlist on Sporcle, you need to verify the email address you used during registration. Go to your Sporcle Settings to finish the process.